MARC details
| 000 -CABECERA |
| campo de control de longitud fija |
00945nam a2200241 a 4500 |
| 005 - FECHA Y HORA DE LA ÚLTIMA TRANSACCIÓN |
| campo de control |
20231025063702.0 |
| 008 - ELEMENTOS DE LONGITUD FIJA--INFORMACIÓN GENERAL |
| campo de control de longitud fija |
991125s1980 mx 000 0 spa u |
| 035 ## - NÚMERO DE CONTROL DEL SISTEMA |
| Número de control de sistema |
UPN01000002583 |
| 049 ## - COLECCIÓN |
| Colección |
C |
| 050 #4 - SIGNATURA TOPOGRÁFICA DE LA BIBLIOTECA DEL CONGRESO |
| Número de clasificación |
BF80.7 M6 |
| Número de documento/Ítem |
L6.2 |
| 100 1# - ASIENTO PRINCIPAL--NOMBRE PERSONAL |
| Nombre de persona |
López Suárez, Adolfo |
| 245 10 - MENCIÓN DE TÍTULO |
| Título |
Análisis curricular de la enseñanza de la psicología en México / |
| Mención de responsabilidad, etc. |
Adolfo López Suárez, Ma. Guadalupe Parra Dávila, Luis A. Guadarrama Rico. |
| 260 ## - PUBLICACIÓN, DISTRIBUCIÓN, ETC. |
| Lugar de publicación, distribución, etc. |
México : |
| Nombre del editor, distribuidor, etc. |
Universidad Autónoma del Estado de México, |
| Fecha de publicación, distribución, etc. |
1980. |
| 300 ## - DESCRIPCIÓN FÍSICA |
| Extensión |
605 p. : |
| Otras características físicas |
il. |
| 500 ## - NOTA GENERAL |
| Nota general |
Trabajo asesorado por María Luisa Morales Castillo. "ANUIES, SEP, CNEIP" |
| 500 ## - NOTA GENERAL |
| Nota general |
Datos tomados de la cubierta |
| 650 #2 - ASIENTO SECUNDARIO DE MATERIA - TERMINO TEMATICO |
| Término de materia o nombre geográfico como elemento de entrada |
Investigacion psicológica |
| 9 (RLIN) |
15795 |
| 650 #4 - ASIENTO SECUNDARIO DE MATERIA - TERMINO TEMATICO |
| Término de materia o nombre geográfico como elemento de entrada |
Psicología |
| Subdivisión general |
Metodología |
| 9 (RLIN) |
5866 |
| 650 #4 - ASIENTO SECUNDARIO DE MATERIA - TERMINO TEMATICO |
| Término de materia o nombre geográfico como elemento de entrada |
PSICOLOGIA - |
| Subdivisión de forma |
PLANES Y PROGRAMAS |
| 9 (RLIN) |
25431 |
| 700 1# - ASIENTO SECUNDARIO--NOMBRE DE PERSONAL |
| Nombre de persona |
Parra Dávila, María Guadalupe, |
| Término indicativo de función/relación |
coaut. |
| 700 1# - ASIENTO SECUNDARIO--NOMBRE DE PERSONAL |
| Nombre de persona |
Guadarrama Rico, Luis A., |
| Término indicativo de función/relación |
coaut. |
| 905 ## - TIPO DE MATERIAL |
| Tipo de material |
Libro |